000 00305nam a22001337a 4500
008 170614b xxu||||| |||| 00| 0 eng d
020 _a9789280810707
041 _aeng
080 _a94
100 _a19
101 _aSHH
245 _aFROM CIVIL STRIFE TO CIVIL SOCIETY
_cMALEY.W
942 _2udc
_cBK
999 _c17357
_d17357